| 000 | 00730nam a22001937a 4500 | ||
|---|---|---|---|
| 005 | 20210325204707.0 | ||
| 008 | s2553 th tha d | ||
| 020 | _a9786169054221 | ||
| 041 | _atha | ||
| 050 | _aPL4207.6 ท363ร 2553 | ||
| 245 | 1 | 0 | _aรวมเรื่องเอกละคร ร.๖ (ฉบับเล่า) |
| 260 | 3 |
_aกรุงเทพฯ : _bร.ศ.229, _c2553 |
|
| 300 |
_a144 หน้า : _b ภาพประกอบ ; _c 21 ซม. |
||
| 850 | _aNALT | ||
| 942 | _cGB | ||
| 997 | _a37393 ฉ.1 /37394 ฉ.2 | ||
| 997 | _c000000000061577 | ||
| 998 | _aนางสาวชัชฎา จูฑะรักษ์ | ||
| 999 |
_c61577 _d61577 |
||